[Event "XX Corsicoscacchi Magistrale"]
[Site "Corsico ITA"]
[Date "2000.04.??"]
[Round "6"]
[White "Giretti Kanev, Jasen"]
[Black "Mariano, Elia"]
[Result "1-0"]
[WhiteElo "2155"]
[BlackElo "2152"]
[PlyCount "31"]
[EventDate "2000.04.28"]

1. e4 e6 2. d3 d5 3. Nd2 Nf6 4. Ngf3 Be7 5. g3 dxe4 6. dxe4 b6 7. Bb5+ c6 8.
Bd3 O-O 9. Qe2 Bb7 10. e5 Nfd7 11. Ne4 Nc5 12. Nxc5 Bxc5 13. Bxh7+ Kh8 14. Bd3
Be7 15. Ng5 g6 16. Qg4 1-0

[Event "XX Corsicoscacchi Magistrale"]
[Site "Corsico ITA"]
[Date "2000.04.??"]
[Round "6"]
[White "Lapiccirella, Mattia"]
[Black "Giordani, Marco"]
[Result "0-1"]
[WhiteElo "2171"]
[BlackElo "2080"]
[PlyCount "90"]
[EventDate "2000.04.28"]

1. d4 e6 2. c4 Nf6 3. Nf3 b6 4. g3 Bb7 5. Bg2 Be7 6. Nc3 O-O 7. O-O Ne4 8. Bd2
Bf6 9. Qc2 Nxd2 10. Qxd2 d6 11. Rad1 Nd7 12. d5 e5 13. b4 g6 14. e4 Bg7 15. Bh3
Qe7 16. Nh4 Bf6 17. Ng2 Bg5 18. Qd3 a5 19. a3 axb4 20. axb4 Ra3 21. Ra1 Rfa8
22. Rxa3 Rxa3 23. Qc2 Nf6 24. f3 Qd8 25. Nb5 Ra8 26. f4 exf4 27. gxf4 Bh6 28.
e5 Ne8 29. Nd4 Ra3 30. Bg4 Bg7 31. Qe4 Qe7 32. Re1 Ra4 33. Qb1 dxe5 34. fxe5
Qxb4 35. Qxb4 Rxb4 36. Nb5 Bxd5 37. cxd5 Rxg4 38. d6 cxd6 39. exd6 Nf6 40. Re8+
Bf8 41. Rb8 Rb4 42. Rxb6 Rb1+ 43. Kf2 Ne4+ 44. Kf3 Nxd6 45. Rxd6 Rxb5 0-1

[Event "XX Corsicoscacchi Magistrale"]
[Site "Corsico ITA"]
[Date "2000.04.??"]
[Round "6"]
[White "Leoni, Fabrizio"]
[Black "Bevilacqua, Maurizio"]
[Result "0-1"]
[WhiteElo "1920"]
[BlackElo "2129"]
[PlyCount "62"]
[EventDate "2000.04.28"]

1. d4 Nf6 2. c4 e6 3. Nf3 c5 4. d5 exd5 5. cxd5 d6 6. Nc3 g6 7. g3 Bg7 8. Bg2
O-O 9. O-O a6 10. a4 Nbd7 11. Nd2 Qe7 12. e4 h5 13. Nc4 Ng4 14. Qc2 Nge5 15.
Ne3 Rb8 16. f4 Ng4 17. Nxg4 hxg4 18. a5 b5 19. axb6 Rxb6 20. Be3 Rb4 21. Rfe1
Nb6 22. Bf1 Nc4 23. Bxc4 Rxc4 24. Ra4 Rxa4 25. Nxa4 Qb7 26. Bd2 Bd4+ 27. Kg2
Bd7 28. Bc3 Bxa4 29. Qxa4 Bxc3 30. bxc3 Qb2+ 31. Kg1 Qxc3 0-1

[Event "XX Corsicoscacchi Magistrale"]
[Site "Corsico ITA"]
[Date "2000.04.??"]
[Round "6"]
[White "Mastrorilli, Nicola"]
[Black "Lanzani, Giuliano"]
[Result "1-0"]
[WhiteElo "1935"]
[BlackElo "1923"]
[PlyCount "105"]
[EventDate "2000.04.28"]

1. d4 Nf6 2. Nf3 g6 3. c4 Bg7 4. Nc3 O-O 5. e4 d6 6. Be2 e5 7. O-O Nc6 8. d5
Ne7 9. Ne1 Ne8 10. Be3 f5 11. f3 f4 12. Bf2 h5 13. Nd3 g5 14. c5 Ng6 15. cxd6
cxd6 16. Nb5 Nf6 17. Rc1 Rf7 18. Nxa7 Bd7 19. Qb3 g4 20. Nb5 Ne8 21. Qb4 g3 22.
hxg3 fxg3 23. Bxg3 Qg5 24. Kh2 h4 25. Bf2 Nf4 26. Nxf4 Qxf4+ 27. Kh1 Bf8 28.
Nc7 Rc8 29. Ne6 Bxe6 30. dxe6 Rxc1 31. exf7+ Kxf7 32. Qxb7+ Be7 33. Qb3+ Kf8
34. Qe3 Rxf1+ 35. Bxf1 Qf6 36. Qc3 Ng7 37. Qc8+ Kf7 38. Bc4+ Ne6 39. Qxe6+ Qxe6
40. Bxe6+ Kxe6 41. Kg1 d5 42. exd5+ Kxd5 43. Kf1 e4 44. Ke2 exf3+ 45. Kxf3 Kc4
46. Kg4 Bf6 47. b3+ Kb4 48. Bxh4 Bg7 49. Be7+ Kc3 50. b4 Kb2 51. a4 Kb3 52. a5
Ka4 53. a6 1-0

[Event "XX Corsicoscacchi Magistrale"]
[Site "Corsico ITA"]
[Date "2000.04.??"]
[Round "6"]
[White "Moratto, Davide"]
[Black "Lapiccirella, Daniele"]
[Result "0-1"]
[WhiteElo "2022"]
[BlackElo "2053"]
[PlyCount "58"]
[EventDate "2000.04.28"]

1. e4 c5 2. Nf3 e6 3. d4 cxd4 4. Nxd4 Nc6 5. Nc3 Qc7 6. a3 a6 7. Be3 b5 8. Be2
Bb7 9. f4 Rc8 10. O-O Na5 11. Kh1 Nf6 12. Bf3 Nc4 13. Bc1 Nxa3 14. Rxa3 Bxa3
15. Ncxb5 axb5 16. Nxb5 Qxc2 17. Nxa3 Qxd1 18. Rxd1 Bxe4 19. Nb5 O-O 20. Be2
Nd5 21. Nd6 Bc2 22. Rf1 Rc6 23. Nb5 Bg6 24. Kg1 Rfc8 25. Bd2 Rc2 26. Rd1 Rxb2
27. Kf1 Rcc2 28. Ke1 Nxf4 29. Nd4 Nxg2+ 0-1

[Event "XX Corsicoscacchi Magistrale"]
[Site "Corsico ITA"]
[Date "2000.04.??"]
[Round "6"]
[White "Pace, Pietro Dario"]
[Black "Astengo, Corrado"]
[Result "1-0"]
[WhiteElo "1942"]
[BlackElo "2189"]
[PlyCount "69"]
[EventDate "2000.04.28"]

1. e4 c5 2. Nf3 d6 3. d4 Nf6 4. Nc3 cxd4 5. Nxd4 a6 6. Bc4 e6 7. Be3 Qc7 8. Bb3
Nbd7 9. f3 Nc5 10. Qd2 b5 11. O-O-O Bb7 12. g4 Nxb3+ 13. Nxb3 b4 14. Ne2 d5 15.
g5 Nd7 16. f4 a5 17. Kb1 dxe4 18. Nbd4 Bd5 19. f5 Be7 20. fxe6 fxe6 21. Nf4 Qe5
22. Nxd5 Qxd5 23. Rhf1 Ne5 24. Qe2 Nf3 25. Nxf3 exf3 26. Rxf3 Qe5 27. Qc4 Bd6
28. Qc6+ Ke7 29. Qb7+ Bc7 30. g6 Raf8 31. Bg5+ Rf6 32. Bxf6+ gxf6 33. Rfd3 Ke8
34. Rd8+ Bxd8 35. Qf7# 1-0

[Event "XX Corsicoscacchi Magistrale"]
[Site "Corsico ITA"]
[Date "2000.04.??"]
[Round "6"]
[White "Profumo, Alberto"]
[Black "Podini, Francesco"]
[Result "1-0"]
[WhiteElo "2254"]
[BlackElo "2050"]
[PlyCount "105"]
[EventDate "2000.04.28"]

1. d4 Nf6 2. Nf3 g6 3. g3 Bg7 4. Bg2 d6 5. O-O O-O 6. c4 Nbd7 7. Nc3 c5 8. d5
a6 9. a4 Qa5 10. Bd2 Qb4 11. b3 Qb6 12. e4 Qc7 13. Qe2 e6 14. dxe6 fxe6 15. Bh3
Re8 16. Ng5 Ne5 17. f4 Nc6 18. Rae1 Nd4 19. Qd1 h6 20. e5 dxe5 21. fxe5 Nd7 22.
Nf7 Kh7 23. Ne4 Nf5 24. Bxf5 exf5 25. Ned6 Re6 26. Bf4 Nf8 27. h4 Bd7 28. Qd2
Be8 29. Nxh6 Rd8 30. h5 Rd7 31. hxg6+ Bxg6 32. Nhxf5 Bxf5 33. Qh2+ Kg8 34. Nxf5
Ng6 35. Re2 Bf8 36. Qg2 Rf7 37. Qe4 Rh7 38. Rh2 Rxh2 39. Kxh2 Qh7+ 40. Kg2 Qh5
41. Rh1 Qg4 42. Nh4 Nxf4+ 43. Qxf4 Qe2+ 44. Kh3 Qxe5 45. Qxe5 Rxe5 46. Rf1 Re6
47. Nf5 Kh7 48. Rd1 Kg6 49. g4 Kf6 50. Kg3 Be7 51. Rd7 b6 52. Rxe7 Rxe7 53.
Nxe7 1-0

[Event "XX Corsicoscacchi Magistrale"]
[Site "Corsico ITA"]
[Date "2000.04.??"]
[Round "6"]
[White "Qendro, Llambi"]
[Black "Barlocco, Carlo"]
[Result "1-0"]
[WhiteElo "2350"]
[BlackElo "2170"]
[PlyCount "83"]
[EventDate "2000.04.28"]

1. d4 d5 2. Nf3 Bf5 3. c4 e6 4. Nc3 Nc6 5. cxd5 exd5 6. Bf4 Nf6 7. e3 Bb4 8.
Bb5 O-O 9. O-O Bxc3 10. bxc3 Na5 11. Bg5 c6 12. Bd3 Bg6 13. Ne5 Qd6 14. Bxf6
gxf6 15. Nf3 b5 16. Ne1 Nc4 17. h4 h5 18. a4 a5 19. Bxc4 dxc4 20. Qe2 Rfe8 21.
Rd1 Qa3 22. d5 cxd5 23. Rxd5 Qxa4 24. Rxh5 Bxh5 25. Qxh5 Rac8 26. Nf3 Rcd8 27.
Qg4+ Kf8 28. Nd4 Rxd4 29. Qxd4 Qc2 30. Qxf6 Qe4 31. Rd1 Qe5 32. Qh6+ Qg7 33.
Qd6+ Kg8 34. Rd5 b4 35. Rg5 Qxg5 36. hxg5 b3 37. g6 Re6 38. gxf7+ Kxf7 39. Qc7+
Kf6 40. Qf4+ Kg6 41. Qg4+ Kf6 42. Qxc4 1-0

[Event "XX Corsicoscacchi Magistrale"]
[Site "Corsico ITA"]
[Date "2000.04.??"]
[Round "6"]
[White "Ubezio, Marco"]
[Black "Everet, Alexandro"]
[Result "1-0"]
[WhiteElo "2201"]
[BlackElo "2357"]
[PlyCount "145"]
[EventDate "2000.04.28"]

1. d4 Nf6 2. Bg5 Ne4 3. Bf4 d5 4. e3 g6 5. Bd3 Nd6 6. Nc3 c6 7. Nf3 Bg7 8. O-O
Bg4 9. h3 Bxf3 10. Qxf3 O-O 11. Qg3 Ne8 12. Qh4 Nd7 13. Bh6 e5 14. Qxd8 Rxd8
15. Bxg7 Kxg7 16. f4 e4 17. Be2 Nd6 18. Kf2 b5 19. g4 Nb6 20. Nb1 Rc8 21. Nd2
Nbc4 22. Nxc4 bxc4 23. b3 Rb8 24. bxc4 dxc4 25. Rfb1 Rb6 26. a3 Rfb8 27. Rb4
Rxb4 28. axb4 Rxb4 29. Rxa7 Rb2 30. Rc7 Rxc2 31. Rxc6 Nb5 32. Ke1 Na3 33. d5
Kf8 34. d6 Ke8 35. g5 Rb2 36. Bg4 Nc2+ 37. Kd1 Nxe3+ 38. Kc1 Nxg4 39. Kxb2 Kd7
40. Rxc4 Nf2 41. Kc3 e3 42. Rd4 Nh1 43. Kd3 Ng3 44. Rd5 e2 45. Kd2 Ne4+ 46. Ke1
Ng3 47. Rd3 Nh5 48. Rd4 Ng3 49. Kf2 Nf5 50. Rd3 Nxd6 51. Kxe2 Ke6 52. Kf3 f6
53. Re3+ Kf5 54. h4 Nc4 55. Re2 Nb6 56. Re7 Nc4 57. Rf7 Nd2+ 58. Ke3 Nf1+ 59.
Kf2 Nd2 60. Rxf6+ Kg4 61. Rf7 Kxh4 62. Rd7 Ne4+ 63. Kf3 Ng3 64. Rxh7+ Nh5 65.
Rh6 Kh3 66. f5 Kh4 67. Rxh5+ Kxh5 68. f6 Kxg5 69. f7 Kh6 70. f8=Q+ Kh7 71. Kf4
g5+ 72. Kf5 g4 73. Kf6 1-0